[Event "Oberliga Baden 2223"]
[Site "Germany"]
[Date "2023.01.15"]
[Round "5.8"]
[White "Krieger, Markus"]
[Black "Hierholz, Bernd"]
[Result "1-0"]
[WhiteElo "2134"]
[BlackElo "2122"]
[PlyCount "65"]
[EventDate "2022.09.18"]
[EventType "team-tourn"]
[EventRounds "9"]
[EventCountry "GER"]
[SourceTitle "EXT 2024"]
[Source "ChessBase"]
[SourceDate "2023.10.10"]
[SourceVersion "1"]
[SourceVersionDate "2023.10.10"]
[SourceQuality "1"]
[WhiteTeam "Untergrombach"]
[BlackTeam "Hockenheim"]
[WhiteTeamCountry "GER"]
[BlackTeamCountry "GER"]

1. e4 c6 2. d4 d5 3. Nc3 dxe4 4. Nxe4 Nf6 5. Nxf6+ gxf6 6. Nf3 Bf5 7. Be2 e6 8. 0-0 Qc7 9. c4 Nd7 10. Be3 Be7 11. Rc1 Rg8 12. Re1 Be4 13. g3 Bd6 14. Bd3 Bxd3 15. Qxd3 f5 16. c5 Be7 17. Kf1 Nf6 18. Bf4 Qa5 19. Qb3 Qa6+ 20. Kg2 Nd5 21. Bd2 Bf6 22. Rc4 Qb5 23. Qc2 0-0-0 24. Ra4 a6 25. a3 Rd7 26. Kh1 Bd8 27. Ne5 Re7 28. Nc4 Rd7 29. Nd6+ Rxd6 30. cxd6 Kd7 31. Rc4 a5 32. Rc5 Qa6 33. b4 1-0

[Event "Oberliga Baden 2223"]
[Site "Germany"]
[Date "2022.11.27"]
[Round "4.6"]
[White "Hierholz, Bernd"]
[Black "Loukanov, Tsvetomir"]
[Result "1/2-1/2"]
[WhiteElo "2122"]
[BlackElo "2181"]
[PlyCount "38"]
[EventDate "2022.09.18"]
[EventType "team-tourn"]
[EventRounds "9"]
[EventCountry "GER"]
[SourceTitle "EXT 2024"]
[Source "ChessBase"]
[SourceDate "2023.10.10"]
[SourceVersion "1"]
[SourceVersionDate "2023.10.10"]
[SourceQuality "1"]
[WhiteTeam "Hockenheim"]
[BlackTeam "Buchen"]
[WhiteTeamCountry "GER"]
[BlackTeamCountry "GER"]

1. e4 d6 2. Nf3 g6 3. c4 Bg7 4. d4 Nf6 5. Nc3 0-0 6. h3 c5 7. Be3 cxd4 8. Nxd4 Nc6 9. Qd2 Bd7 10. Be2 Nxd4 11. Bxd4 Bc6 12. Bf3 Nd7 13. Bxg7 Kxg7 14. Bg4 Nc5 15. b4 Ne6 16. 0-0 Qb6 17. b5 Bd7 18. Nd5 Qd8 19. Bxe6 Bxe6 1/2-1/2

[Event "Oberliga Baden 2122"]
[Site "Germany"]
[Date "2022.03.06"]
[Round "8.5"]
[White "Hierholz, Bernd"]
[Black "Sedina, Elena"]
[Result "1-0"]
[WhiteElo "2119"]
[BlackElo "2258"]
[PlyCount "95"]
[EventDate "2021.10.10"]
[EventType "team-tourn"]
[EventRounds "11"]
[EventCountry "GER"]
[SourceTitle "EXT 2023"]
[Source "ChessBase"]
[SourceDate "2022.10.05"]
[SourceVersion "1"]
[SourceVersionDate "2022.10.05"]
[SourceQuality "1"]
[WhiteTeam "Hockenheim"]
[BlackTeam "Baden-Baden III"]
[WhiteTeamCountry "GER"]
[BlackTeamCountry "GER"]

1. e4 e6 2. d4 d5 3. Nc3 Bb4 4. e5 c5 5. a3 Bxc3+ 6. bxc3 Ne7 7. Nf3 b6 8. Bb5+ Bd7 9. Bd3 Ba4 10. 0-0 c4 11. Be2 h6 12. Ne1 Na6 13. g3 Nc7 14. Ng2 Qd7 15. Ne3 0-0-0 16. f4 f5 17. exf6 gxf6 18. f5 Rdf8 19. Bg4 Kb7 20. Qe2 exf5 21. Nxf5 Nxf5 22. Bxf5 Qf7 23. Bf4 Re8 24. Qf3 Bc6 25. h4 Ne6 26. Bd2 h5 27. Bh3 Rhg8 28. Kh2 Ng7 29. Rf2 Qc7 30. Bf4 Qd8 31. Rg1 Re4 32. Bh6 Ne6 33. Qxf6 Qd6 34. Bf4 Qd7 35. Be5 Re8 36. Qh6 Qe7 37. Rgf1 Qxa3 38. Bxe6 Qxc3 39. Bf5 Re3 40. Qg7+ Ka6 41. Qc7 Ba4 42. Bc8+ Rxc8 43. Qxc8+ Ka5 44. Qb7 Bxc2 45. Qxa7+ Kb5 46. Ra1 Qd3 47. Qa6+ Kb4 48. Qxb6+ 1-0

[Event "Verbandsliga Nordbaden 1920"]
[Site "Baden"]
[Date "2020.03.08"]
[Round "7.7"]
[White "Shapiro, Danil"]
[Black "Hierholz, Bernd"]
[Result "0-1"]
[WhiteElo "1481"]
[BlackElo "2119"]
[PlyCount "76"]
[EventDate "2019.09.29"]
[EventType "team-tourn"]
[EventRounds "9"]
[EventCountry "GER"]
[SourceTitle "EXT 2021"]
[Source "ChessBase"]
[SourceDate "2020.10.23"]
[SourceVersion "1"]
[SourceVersionDate "2020.10.23"]
[SourceQuality "1"]
[WhiteTeam "Eppingen II"]
[BlackTeam "Hockenheim II"]
[WhiteTeamCountry "GER"]
[BlackTeamCountry "GER"]

1. e4 c6 2. Nf3 d5 3. exd5 cxd5 4. Ne5 Nf6 5. d4 Nc6 6. c3 g6 7. Bd3 Bg7 8. Nd2 0-0 9. f4 Nxe5 10. fxe5 Ng4 11. Nf3 f6 12. exf6 exf6 13. 0-0 Qd6 14. Bd2 Nh6 15. Qc1 Bf5 16. Bf4 Qb6 17. Bxf5 Nxf5 18. Qc2 Rfe8 19. Rfe1 Qc6 20. h3 Rxe1+ 21. Rxe1 Re8 22. Re2 Kf7 23. Kf2 a6 24. Rxe8 Qxe8 25. Qe2 Qc6 26. Nd2 Bf8 27. Nf1 Bd6 28. Bg3 h5 29. Bxd6 Qxd6 30. g4 hxg4 31. hxg4 Ne7 32. c4 Qf4+ 33. Ke1 Qxd4 34. cxd5 Nxd5 35. a3 Nf4 36. Qd2 Qe4+ 37. Kf2 Qg2+ 38. Ke1 Qxg4 0-1

[Event "Verbandsliga Nordbaden 1920"]
[Site "Baden"]
[Date "2019.09.29"]
[Round "1.5"]
[White "Hierholz, Bernd"]
[Black "Pfleger, Michael"]
[Result "1/2-1/2"]
[WhiteElo "2119"]
[BlackElo "2198"]
[PlyCount "115"]
[EventDate "2019.09.29"]
[EventType "team-tourn"]
[EventRounds "9"]
[EventCountry "GER"]
[SourceTitle "EXT 2021"]
[Source "ChessBase"]
[SourceDate "2020.10.23"]
[SourceVersion "1"]
[SourceVersionDate "2020.10.23"]
[SourceQuality "1"]
[WhiteTeam "Hockenheim II"]
[BlackTeam "Bad Mergentheim II"]
[WhiteTeamCountry "GER"]
[BlackTeamCountry "GER"]

1. e4 d5 2. exd5 Qxd5 3. d4 Nc6 4. Nf3 e5 5. Nc3 Bb4 6. Bd2 Bxc3 7. Bxc3 e4 8. Ne5 Nxe5 9. dxe5 Be6 10. Qxd5 Bxd5 11. Bb5+ c6 12. Be2 Ne7 13. 0-0 Ng6 14. g3 0-0 15. Bh5 Rfe8 16. Bxg6 hxg6 17. Rfd1 b5 18. a4 a6 19. b3 g5 20. axb5 axb5 21. Rxa8 Rxa8 22. Ra1 Rd8 23. Rd1 Re8 24. Bd4 Kh7 25. g4 Kg6 26. h3 Ra8 27. Ra1 Rd8 28. Bb6 Rh8 29. Kh2 Be6 30. Kg3 f5 31. exf6 gxf6 32. Bd4 Rd8 33. Be3 f5 34. gxf5+ Kxf5 35. Ra6 Rc8 36. Ra5 Kg6 37. c4 Rf8 38. cxb5 Rf3+ 39. Kg2 Bxh3+ 40. Kg1 Rf5 41. Ra6 Rxb5 42. Rxc6+ Kf7 43. Rc5 Rxb3 44. Rxg5 Kf6 45. Rc5 Bf5 46. Kg2 Rb8 47. Kg3 Rg8+ 48. Kh2 Bg4 49. Bd4+ Kf7 50. Kg3 Bf3+ 51. Kf4 Ke6 52. Ke3 Ra8 53. Rc6+ Kf5 54. Rc5+ Kg4 55. Kd2 Ra2+ 56. Rc2 Ra3 57. Be3 Rd3+ 58. Kc1 1/2-1/2

[Event "Verbandsliga Nordbaden 1617"]
[Site "Baden"]
[Date "2017.04.02"]
[Round "8.6"]
[White "Hermann, Tobias"]
[Black "Hierholz, Bernd"]
[Result "1/2-1/2"]
[WhiteElo "1966"]
[BlackElo "2134"]
[PlyCount "68"]
[EventDate "2016.10.09"]
[EventType "team-tourn"]
[EventRounds "9"]
[EventCountry "GER"]
[SourceTitle "EXT 2022"]
[Source "ChessBase"]
[SourceDate "2021.10.06"]
[SourceVersion "1"]
[SourceVersionDate "2021.10.06"]
[SourceQuality "1"]
[WhiteTeam "Eppingen II"]
[BlackTeam "Hockenheim II"]
[WhiteTeamCountry "GER"]
[BlackTeamCountry "GER"]

1. b3 d5 2. Bb2 Bf5 3. e3 e6 4. Nf3 Nf6 5. Be2 Be7 6. 0-0 0-0 7. d3 Nbd7 8. Nbd2 c6 9. Ne5 Nxe5 10. Bxe5 Bg6 11. f4 Nd7 12. Bb2 Qb6 13. Rf3 Rfe8 14. Rh3 Bd6 15. Qf1 Bc5 16. Qf2 a5 17. a4 Rad8 18. Kh1 Nf8 19. Rg1 Rd7 20. Nf1 f6 21. g4 d4 22. e4 Bxe4+ 23. dxe4 d3 24. Ne3 dxe2 25. Qxe2 Qb4 26. Qf3 Qd2 27. Rg2 Qe1+ 28. Rg1 Qxe3 29. Qxe3 Bxe3 30. Rxe3 Rd2 31. Rg2 Rd1+ 32. Rg1 Rd2 33. Rg2 Rd1+ 34. Rg1 Rd2 1/2-1/2

[Event "Verbandsliga Nordbaden 1617"]
[Site "Baden"]
[Date "2017.03.12"]
[Round "7.7"]
[White "Hierholz, Bernd"]
[Black "Gharieb, Andre"]
[Result "1-0"]
[WhiteElo "2134"]
[BlackElo "2000"]
[PlyCount "65"]
[EventDate "2016.10.09"]
[EventType "team-tourn"]
[EventRounds "9"]
[EventCountry "GER"]
[SourceTitle "EXT 2022"]
[Source "ChessBase"]
[SourceDate "2021.10.06"]
[SourceVersion "1"]
[SourceVersionDate "2021.10.06"]
[SourceQuality "1"]
[WhiteTeam "Hockenheim II"]
[BlackTeam "Pforzheim"]
[WhiteTeamCountry "GER"]
[BlackTeamCountry "GER"]

1. e4 d5 2. exd5 Qxd5 3. d4 Bf5 4. c4 Qd6 5. Nf3 e6 6. Nc3 c6 7. a3 Nf6 8. Be2 Nbd7 9. h3 h6 10. Be3 Be7 11. Qd2 Qc7 12. Bf4 Bd6 13. Bxd6 Qxd6 14. Qe3 a6 15. Rd1 Qe7 16. 0-0 g5 17. Ne5 h5 18. Rfe1 g4 19. h4 g3 20. fxg3 0-0-0 21. Bf3 Nxe5 22. Qxe5 Bg4 23. Kh2 Rh6 24. Qf4 Rg6 25. d5 Bxf3 26. gxf3 Rdg8 27. Na4 Nd7 28. dxc6 bxc6 29. Rxd7 Kxd7 30. Rd1+ Kc8 31. Nb6+ Kb7 32. Rd7+ Qxd7 33. Nxd7 1-0

[Event "Verbandsliga Nord Baden 1112"]
[Site "Germany"]
[Date "2012.03.04"]
[Round "7.4"]
[White "Hierholz, Bernd"]
[Black "Leibbrand, Udo Manfred"]
[Result "1/2-1/2"]
[WhiteElo "2173"]
[BlackElo "2123"]
[PlyCount "82"]
[EventDate "2011.10.09"]
[EventType "team-tourn"]
[EventRounds "9"]
[EventCountry "GER"]
[SourceTitle "EXT 2013"]
[Source "ChessBase"]
[SourceDate "2012.11.22"]
[SourceVersion "1"]
[SourceVersionDate "2012.11.22"]
[SourceQuality "1"]
[WhiteTeam "Ladenburg"]
[BlackTeam "Pforzheim"]
[WhiteTeamCountry "GER"]
[BlackTeamCountry "GER"]

1. e4 c5 2. Nf3 e6 3. d4 cxd4 4. Nxd4 a6 5. c4 Nf6 6. Bd3 Nc6 7. Nc2 d5 8. exd5 exd5 9. cxd5 Nxd5 10. 0-0 Be7 11. Be4 Be6 12. Qf3 f5 13. Bxd5 Qxd5 14. Qxd5 Bxd5 15. Nc3 Be6 16. Be3 Kf7 17. Nd4 Nxd4 18. Bxd4 Rac8 19. Rfe1 Bf6 20. Bxf6 Kxf6 21. f4 Rhd8 22. Rad1 b5 23. a3 Bb3 24. Rxd8 Rxd8 25. Kf2 Rb8 26. Re3 b4 27. Ne4+ fxe4 28. Rxb3 Kf5 29. Ke3 bxa3 30. Rxa3 Rxb2 31. Ra5+ Rb5 32. Rxa6 Rb3+ 33. Kf2 Kxf4 34. g3+ Kg5 35. Re6 Rb2+ 36. Ke3 Rxh2 37. Rxe4 h5 38. Ra4 h4 39. gxh4+ Rxh4 40. Ra7 Kh6 41. Kf3 Rb4 1/2-1/2

[Event "Oberliga Baden 1011"]
[Site "Baden"]
[Date "2011.03.20"]
[Round "8.1"]
[White "Hierholz, Bernd"]
[Black "Kindsvogel, Robert"]
[Result "1/2-1/2"]
[WhiteElo "2173"]
[BlackElo "2284"]
[PlyCount "32"]
[EventDate "2010.10.10"]
[EventType "team-tourn"]
[EventRounds "9"]
[EventCountry "GER"]
[SourceTitle "EXT 2012"]
[Source "ChessBase"]
[SourceDate "2011.11.24"]
[SourceVersion "1"]
[SourceVersionDate "2011.11.24"]
[SourceQuality "1"]
[WhiteTeam "Ladenburg"]
[BlackTeam "Heidelberg II"]
[WhiteTeamCountry "GER"]
[BlackTeamCountry "GER"]

1. e4 c5 2. Nf3 d6 3. d4 cxd4 4. Qxd4 a6 5. Bg5 Nc6 6. Qd2 h6 7. Bh4 g5 8. Bg3 Bg7 9. c3 Nf6 10. Bd3 Nh5 11. Na3 Be6 12. Bc4 Qb6 13. Bxe6 fxe6 14. Qe2 0-0-0 15. Nc4 Qc5 16. Nfd2 Nxg3 1/2-1/2

[Event "Oberliga Baden 1011"]
[Site "Baden"]
[Date "2011.02.27"]
[Round "7.2"]
[White "Hierholz, Bernd"]
[Black "Eisenbeiser, Amadeus"]
[Result "1/2-1/2"]
[WhiteElo "2173"]
[BlackElo "2411"]
[PlyCount "132"]
[EventDate "2010.10.10"]
[EventType "team-tourn"]
[EventRounds "9"]
[EventCountry "GER"]
[SourceTitle "EXT 2012"]
[Source "ChessBase"]
[SourceDate "2011.11.24"]
[SourceVersion "1"]
[SourceVersionDate "2011.11.24"]
[SourceQuality "1"]
[WhiteTeam "Ladenburg"]
[BlackTeam "Buchen"]
[WhiteTeamCountry "GER"]
[BlackTeamCountry "GER"]

1. e4 c5 2. Nf3 e6 3. d4 cxd4 4. Nxd4 a6 5. c4 Nf6 6. Bd3 Qc7 7. Nc3 Nc6 8. Nxc6 dxc6 9. Be3 e5 10. h3 Nd7 11. Qe2 Be7 12. Rc1 Nc5 13. 0-0 0-0 14. Rfd1 a5 15. Bc2 Be6 16. Na4 Nxa4 17. Bxa4 b6 18. Bc2 Rfd8 19. Rxd8+ Rxd8 20. Rd1 h6 21. Rxd8+ Bxd8 22. Qd3 Bg5 23. Bxg5 hxg5 24. Bd1 Qd7 25. Qxd7 Bxd7 26. Bg4 Be8 27. Kf1 Kf8 28. Ke1 Ke7 29. Kd2 Kd6 30. Kc3 Kc5 31. a3 a4 32. Bd1 b5 33. cxb5 cxb5 34. b4+ axb3 35. Bxb3 f6 36. g4 Bc6 37. f3 Bb7 38. Be6 Ba6 39. Bd5 Bc8 40. Bb3 g6 41. Bf7 Bd7 42. Kd3 Bc8 43. Kc3 Bd7 44. Kd3 Kb6 45. Kc3 Ka5 46. Kb2 Bc8 47. Kb3 f5 48. Bd5 f4 49. Kc3 Ka4 50. Kb2 Ba6 51. Bb3+ Ka5 52. Kc3 Bb7 53. Bc2 Bc6 54. Bd1 Bd7 55. Bb3 Be8 56. Kd2 Bd7 57. Kc3 Bc6 58. Bc2 Bb7 59. Bd1 Bc8 60. Bb3 Ba6 61. Bc2 Bb7 62. Bd1 Bc6 63. Bc2 Be8 64. Bb3 Bd7 65. Bd1 Be6 66. Bb3 Bd7 1/2-1/2

[Event "Verbandsliga Nord Baden 0910"]
[Site "Germany"]
[Date "2009.12.13"]
[Round "4.2"]
[White "Vidonyak, Nellya"]
[Black "Hierholz, Bernd"]
[Result "1/2-1/2"]
[WhiteElo "2176"]
[BlackElo "2173"]
[PlyCount "21"]
[EventDate "2009.10.11"]
[EventType "team-tourn"]
[EventRounds "9"]
[EventCountry "GER"]
[SourceTitle "EXT 2011"]
[Source "ChessBase"]
[SourceDate "2010.11.26"]
[SourceVersion "1"]
[SourceVersionDate "2010.11.26"]
[SourceQuality "1"]
[WhiteTeam "Hockenheim II"]
[BlackTeam "Ladenburg"]
[WhiteTeamCountry "GER"]
[BlackTeamCountry "GER"]

1. d4 c6 2. c4 d5 3. Nc3 Nf6 4. Nf3 dxc4 5. a4 Bf5 6. e3 e6 7. Bxc4 Nbd7 8. 0-0 Be7 9. h3 0-0 10. Qe2 Nb6 11. Bb3 1/2-1/2

[Event "Verbandsliga Nord Baden 0809"]
[Site "Germany"]
[Date "2009.03.08"]
[Round "7.2"]
[White "Hierholz, Bernd"]
[Black "Hirschberg, Valerian"]
[Result "1-0"]
[WhiteElo "2173"]
[BlackElo "2079"]
[PlyCount "103"]
[EventDate "2008.09.28"]
[EventType "team"]
[EventRounds "9"]
[EventCountry "GER"]
[SourceTitle "EXT 2010"]
[Source "ChessBase"]
[SourceDate "2010.11.25"]
[SourceVersion "1"]
[SourceVersionDate "2010.11.25"]
[SourceQuality "1"]
[WhiteTeam "Ladenburg"]
[BlackTeam "Untergrombach II"]
[WhiteTeamCountry "GER"]
[BlackTeamCountry "GER"]

1. e4 c5 2. Nf3 Nc6 3. Bb5 g6 4. 0-0 Bg7 5. Re1 Nf6 6. c3 0-0 7. h3 d5 8. e5 Ne8 9. d4 Qb6 10. Qa4 cxd4 11. Bxc6 bxc6 12. Nxd4 Bd7 13. Nb3 Nc7 14. Be3 Qb8 15. N1d2 Ne6 16. Nf3 f6 17. Qa3 fxe5 18. Qxe7 Rf7 19. Qh4 Qf8 20. Ng5 Nxg5 21. Qxg5 Rf5 22. Qg3 Qf7 23. Rad1 a5 24. Re2 a4 25. Nc5 d4 26. Bd2 Qc4 27. Nd3 Re8 28. Rde1 Qd5 29. cxd4 e4 30. Nb4 Qxd4 31. Bc3 Qc4 32. Bxg7 Kxg7 33. Qd6 Rf7 34. Rc2 Qb5 35. Nxc6 e3 36. fxe3 Qf5 37. Nd4 Qg5 38. Rc5 Qh4 39. Re2 Rxe3 40. Rxe3 Qf2+ 41. Kh2 Qxe3 42. Rc7 Bxh3 43. Rc3 Qf4+ 44. Qxf4 Rxf4 45. Rc4 Bd7 46. Ne6+ Bxe6 47. Rxf4 Bxa2 48. Rxa4 Bd5 49. b4 Kf6 50. b5 Ke5 51. b6 Kd6 52. Rd4 1-0

[Event "Oberliga Baden 0607"]
[Site "Germany"]
[Date "2007.04.22"]
[Round "9.4"]
[White "Martin, Stefan"]
[Black "Hierholz, Bernd"]
[Result "1-0"]
[WhiteElo "2257"]
[BlackElo "2217"]
[PlyCount "55"]
[EventDate "2006.10.15"]
[EventType "team-tourn"]
[EventRounds "9"]
[EventCountry "GER"]
[SourceTitle "EXT 2008"]
[Source "ChessBase"]
[SourceDate "2007.11.25"]
[SourceVersion "1"]
[SourceVersionDate "2007.11.25"]
[SourceQuality "1"]
[WhiteTeam "Viernheim"]
[BlackTeam "Ladenburg"]
[WhiteTeamCountry "GER"]
[BlackTeamCountry "GER"]

1. d4 d5 2. Nf3 c6 3. c4 Nf6 4. Nc3 dxc4 5. a4 Bg4 6. Ne5 Bh5 7. f3 Nbd7 8. Nxc4 e6 9. e4 Bb4 10. Be2 0-0 11. 0-0 Nb6 12. Ne5 c5 13. Na2 Nxa4 14. Nxb4 cxb4 15. Rxa4 a5 16. Be3 b5 17. Bxb5 Nxe4 18. Bc6 Nd6 19. Bxa8 Qxa8 20. g4 f6 21. Nd7 Nc4 22. Qb3 Be8 23. Nxf8 Nxe3 24. Qxe3 Bxa4 25. Nxe6 Bc6 26. d5 Bd7 27. Nc5 Qxd5 28. Qb3 1-0

[Event "Oberliga Baden 0001"]
[Site "Baden"]
[Date "2000.12.10"]
[Round "3.7"]
[White "Schmidt, Jessica"]
[Black "Hierholz, Bernd"]
[Result "1-0"]
[WhiteElo "2206"]
[BlackElo "2126"]
[PlyCount "73"]
[EventDate "2000.10.15"]
[EventType "team"]
[EventRounds "9"]
[EventCountry "GER"]
[SourceTitle "EXT 2002"]
[Source "ChessBase"]
[SourceDate "2001.11.25"]
[SourceVersion "1"]
[SourceVersionDate "2001.11.25"]
[SourceQuality "1"]

1. d4 Nf6 2. Nf3 d5 3. c4 c6 4. Nc3 a6 5. cxd5 cxd5 6. Bg5 b5 7. Qb3 e6 8. e3 Nc6 9. Ne5 Na5 10. Qd1 h6 11. Bh4 Be7 12. Bd3 Bb7 13. 0-0 0-0 14. Bxf6 Bxf6 15. f4 Nc4 16. Qe2 Be7 17. Rac1 f5 18. Rf3 Bf6 19. Rcf1 Bxe5 20. fxe5 Qe7 21. b3 Nb6 22. Qf2 Rac8 23. Ne2 Bc6 24. Nf4 Be8 25. h3 Rc3 26. Bb1 Bf7 27. g4 Rfc8 28. gxf5 Rc1 29. f6 Rxf1+ 30. Qxf1 Qa3 31. Qd3 g6 32. Nxg6 Rc1+ 33. Rf1 Rxf1+ 34. Kxf1 Qc1+ 35. Kg2 Qb2+ 36. Bc2 Qxa2 37. Nh8 1-0